| 000 | 01213nam a2200325 i 4500 | ||
|---|---|---|---|
| 001 | 000026376 | ||
| 003 | DO-SdBNP | ||
| 005 | 20250621074007.0 | ||
| 007 | ta | ||
| 008 | 110315s2002 dr ac 000 0 spa d | ||
| 020 | _z99934740307 | ||
| 040 |
_aDO-SdBNP _bspa _cBNPHU _erda |
||
| 041 | _aspa | ||
| 082 | 4 |
_a320.97293 _bM828p _222 |
|
| 100 | 1 |
_aMorales Troncoso, Carlos, _d1940-2014. _eautor _4aut. _953404 |
|
| 245 | 1 | 0 |
_aDe lo privado a lo público / _cCarlos Morales Troncoso. |
| 246 | 1 | 4 |
_aDe lo privado a lo público : _btestigo de excepción. |
| 264 | 4 |
_aSanto Domingo : _bFundación Morales Alba, _c©2002. |
|
| 300 |
_a411 páginas : _bilustraciones, retratos ; _c26 cm. |
||
| 336 |
_atexto _btxt _2rdacontent |
||
| 337 |
_asin mediación _bn _2rdamedia |
||
| 338 |
_avolumen _bnc _2rdacarrier |
||
| 500 | _aIncluye datos biográficos del autor en las solapas de la cubierta. | ||
| 590 | _aInventariado, 2018/LP | ||
| 650 | 4 |
_aPolíticos _zRepública Dominicana _91349 |
|
| 650 | 4 |
_aFuncionarios públicos _zRepública Dominicana _xCorrespondencia, memorias, etc. _938567 |
|
| 651 | 0 |
_aRepública Dominicana _xPolítica y gobierno _945 |
|
| 910 | _aValidado. Control de calidad EMS | ||
| 942 |
_2ddc _cLBS1 |
||
| 999 |
_c25868 _d25868 |
||